000 00996nam a2200325 a 4500
008
020 _a9780124055148 (hardback)
040 _aNUST
_cNUST
049 _aMAIN
090 _aQM455
_bPET
100 1 _aPetrides, Michael.,
_aauthor.
245 1 0 _aNeuroanatomy of language regions of the human brain/
_c Michael Petrides.
260 _aAmsterdam :
_bAcademic Press,
_c2014.
300 _ax, 186 pages :
_billustrations (chiefly colour) ;
_c29 cm.
336 _atext
_btxt
_2rdacontent
337 _aunmediated
_bn
_2rdamedia
338 _avolume
_bnc
_2rdacarrier
504 _aIncludes bibliographical references.
650 1 _aNueroanatomy.
650 _aNeurolinguistics.
650 _aBrain
_xAnatomy.
650 _aBrain.
650 _aMedicine.
650 _aBrain
_xEvolution.
650 _aBrain
_xPhysiology.
907 _a.b10402718
_b21-09-22
_c24-05-21
003
005 20230120204300.0
942 _cBOOKS
_kQM455
_mPET
999 _c120392
_d120392